书目信息 |
| 题名: |
远东第一监狱
|
|
| 作者: | 周冰冰 著 | |
| 分册: | ||
| 出版信息: | 北京 大众文艺出版社 2009.01 |
|
| 页数: | 377页 | |
| 开本: | 25cm | |
| 丛书名: | ||
| 单 册: | ||
| 中图分类: | I247.5 | |
| 科图分类: | ||
| 主题词: | 长篇小说--中国--当代 | |
| 电子资源: | ||
| ISBN: | 978-7-80240-270-6 | |
| 000 | 01144nam0 2200217 450 | |
| 001 | 0011133242 | |
| 005 | 20100809172949.78 | |
| 010 | @a978-7-80240-270-6@dCNY36.00 | |
| 100 | @a20100515d2009 em y0chiy0110 ea | |
| 101 | 0 | @achi |
| 102 | @aCN@b110000 | |
| 105 | @ay z 000ay | |
| 200 | 1 | @a远东第一监狱@Ayuan dong di yi jian yu@f周冰冰著 |
| 210 | @a北京@c大众文艺出版社@d2009.01 | |
| 215 | @a377页@d25cm | |
| 330 | @a中国第一部“监狱斗争”故事;一部中国版“越狱”。上世纪二十年代,以公共租界巡捕作为掩护身份的地下党员张楠,为救刘培生被判终身监禁,关押进上海提篮桥监狱。不久,特科重要领导冷江叛变……新任看守长威廉凶狠毒辣,他巧妙利用四海帮修爷和斧头帮龙哥的势力管理犯人。看到张楠在监狱里的威望越来越大,威廉就让黑豹和张楠打死拳,想趁机除掉两人……修爷和龙哥越狱未遂,使得监狱里的折磨更加残酷。经过长久谋划,张楠决定实施全狱暴动,可是被汉森坏了大事,老金惨遭杀害……张楠人人曹慧口中得知蒸汽机房有一个可以通往狱外的下水道口,他想办法制造机器故障,骗过威廉和典狱长的猜疑,最终成功越狱…… | |
| 606 | 0 | @a长篇小说@y中国@z当代 |
| 690 | @aI247.5@v4 | |
| 701 | 0 | @a周冰冰@Azhou bing bing@4著 |
| 801 | 0 | @aCN@c20100515 |
| 905 | @dI247.5@eZ7506@f5 | |
| 远东第一监狱/周冰冰著.-北京:大众文艺出版社,2009.01 |
| 377页;25cm |
| ISBN 978-7-80240-270-6:CNY36.00 |
| 中国第一部“监狱斗争”故事;一部中国版“越狱”。上世纪二十年代,以公共租界巡捕作为掩护身份的地下党员张楠,为救刘培生被判终身监禁,关押进上海提篮桥监狱。不久,特科重要领导冷江叛变……新任看守长威廉凶狠毒辣,他巧妙利用四海帮修爷和斧头帮龙哥的势力管理犯人。看到张楠在监狱里的威望越来越大,威廉就让黑豹和张楠打死拳,想趁机除掉两人……修爷和龙哥越狱未遂,使得监狱里的折磨更加残酷。经过长久谋划,张楠决定实施全狱暴动,可是被汉森坏了大事,老金惨遭杀害……张楠人人曹慧口中得知蒸汽机房有一个可以通往狱外的下水道口,他想办法制造机器故障,骗过威廉和典狱长的猜疑,最终成功越狱…… |
| ● |
| 相关链接 |
|
|
|
正题名:远东第一监狱
索取号:I247.5/Z7506
 
预约/预借
| 序号 | 登录号 | 条形码 | 馆藏地/架位号 | 状态 | 备注 |
| 1 | 1021483 | 210214837 | 文学库108/108文学库 42排5列5层/ [索取号:I247.5/Z7506] | 在馆 | |
| 2 | 1021484 | 210214846 | 社科二线422/422社科库 8排1列6层/ [索取号:I247.5/Z7506] | 在馆 | |
| 3 | 1021485 | 210214855 | 文学库108/108文学库 42排5列5层/ [索取号:I247.5/Z7506] | 在馆 | |
| 4 | 1021486 | 210214864 | 社科二线400B/400B社科库 14排4列6层/ [索取号:I247.5/Z7506] | 在馆 | |
| 5 | 1021487 | 210214873 | 社科二线400B/400B社科库 14排4列6层/ [索取号:I247.5/Z7506] | 在馆 |